Statistics for Countries Closest to an Unknown Country by Picture #3

Click here to take the quiz!

General Stats

  • This quiz has been taken 54 times
  • The average score is 15 of 21

Answer Stats

Answer% Correct
India
100%
China
98%
Mongolia
98%
Japan
92%
North Korea
92%
Malaysia
85%
Cambodia
83%
Russia
83%
Taiwan
83%
Thailand
83%
Laos
75%
Vietnam
73%
South Korea
71%
Indonesia
67%
Myanmar
58%
Philippines
54%
Bhutan
50%
Kazakhstan
46%
Brunei
40%
Palau
33%
FS Micronesia
27%

Score Distribution

Percentile by Number Answered

Percent of People with Each Score

Your Score History

You have not taken this quiz